|
|
|
|
| LEADER |
00000nam a22000004a 4500 |
| 001 |
AR-BbUGT3658 |
| 003 |
AR-BbUGT |
| 005 |
20181220001759.0 |
| 007 |
ta |
| 008 |
061101t1988 |||a |0|||0| d |
| 020 |
|
|
|a 968-24-2789-4
|
| 040 |
|
|
|a AR-BbUGT
|b spa
|c AR-BbUGT
|
| 082 |
0 |
4 |
|a 628.445
|
| 100 |
1 |
|
|a Aguilar Rivero, Margarita.
|
| 245 |
1 |
3 |
|a La basura:
|b manual para el reciclamiento urbano /
|c Margarita Aguilar Rivero ; Héctor Salas Vidal.
|
| 260 |
|
|
|a México :
|b Trillas,
|c 1988.
|
| 300 |
|
|
|a 64 p. :
|b il.
|
| 504 |
|
|
|a Bibliografía: p. 63-64.
|
| 653 |
|
|
|a Sanidad Publica
|
| 653 |
|
|
|a Basura
|
| 653 |
|
|
|a Contaminación
|
| 653 |
|
|
|a Residuos
|
| 653 |
|
|
|a Tratamiento
|
| 700 |
1 |
|
|a Salas Vidal, Hector.
|
| 942 |
|
|
|c BK
|h 628.445
|i AG93
|2 ddc
|6 628_445000000000000_AG93
|
| 999 |
|
|
|c 11009
|d 11009
|